|
|
|
|
| LEADER |
01326cam a2200385Ia 4500 |
| 001 |
9780203138571 |
| 003 |
FlBoTFG |
| 005 |
20110119191317.0 |
| 006 |
a|||||s||||||||||| |
| 007 |
cr|||| |
| 008 |
110119s1992 enk sb 001 0 eng d |
| 010 |
|
|
|a 91038305
|
| 020 |
|
|
|a 9780203138571 (e-book : PDF)
|
| 040 |
|
|
|a FlBoTFG
|c FlBoTFG
|d GrThAP
|
| 043 |
|
|
|a e-gr---
|
| 090 |
|
|
|a BL782
|b .D67 1992
|
| 092 |
|
|
|a 292.13
|b D745
|
| 100 |
1 |
|
|a Dowden, Ken,
|d 1950-
|
| 245 |
1 |
4 |
|a The uses of Greek mythology
|h [electronic resource] /
|c Ken Dowden.
|
| 260 |
|
|
|a London ;
|a New York :
|b Routledge,
|c 1992.
|
| 300 |
|
|
|a x, 204 p. ;
|c 22 cm.
|
| 490 |
1 |
|
|a Approaching the ancient world
|
| 504 |
|
|
|a Includes bibliographical references (p. [178]-188) and indexes.
|
| 530 |
|
|
|a Also available in print edition.
|
| 533 |
|
|
|a Electronic reproduction.
|b [London, Eng. :
|b Taylor and Francis,
|d 2010].
|n PDF file created from digital scan of print book.
|
| 650 |
|
0 |
|a Mythology, Greek.
|
| 650 |
|
0 |
|a Myth.
|
| 651 |
|
0 |
|a Greece
|x Religion.
|
| 651 |
|
0 |
|a Greece
|x Civilization
|y To 146 B.C.
|
| 655 |
|
7 |
|a Electronic books.
|2 lcsh
|
| 776 |
1 |
|
|z 9780415061353
|
| 776 |
1 |
|
|z 0415061342
|
| 776 |
1 |
|
|z 0415061350
|
| 830 |
|
0 |
|a Approaching the ancient world.
|
| 856 |
4 |
0 |
|u http://www.tandfebooks.com/isbn/9780203138571
|z Full Text via HEAL-Link
|